000 00552nam a22001697a 4500
008 170125b xxu||||| |||| 00| 0 eng d
020 _a971860913x
082 _21993
_aDFil 516.3
_bQ48
100 _918581
_aQuirino, Demetrio A.
245 _aPlane and solid analytic geometry/
_cDemetrio A. Quirino
260 _aQuezon City:
_bRoyal Publishing House, Inc.,
_cc1993.
300 _avii, 236 pages:
_billustrations;
_c26 cm.
500 _aIncludes index.
650 0 _918582
_aAnalytic geometry.
700 _918583
_aMijares, Jose M.
942 _2ddc
_cDFIL
999 _c6153
_d6153